000 00776nam a2200289 a 4500
001 3368
005 20140414131921.0
008 040201s19uu xx 00 eng d
020 _a0-590-45527-3
050 _aER
_bSw7 1992
100 _aMaccarone, Grace
245 _aThe sword in the stone /
_cGrace Maccarone.
260 _aNew York :
_bScholastic,
_c1992.
300 _ap. ; cm.
440 _aHello Reader
520 _aDespite the boasting of grown men, Only young Arthur is able to draw a sword from a stone, Thereby becoming king.
650 _aArthurian romances.
999 _c111764
_d111764